SCH - Trouvez le son - Statistiques

Statistiques générales
  • Ce quiz a été pris 521 fois
  • Le résultat moyen est 9 sur 26
Statistiques - réponses
Hint Réponse % Correct
T'as le choix entre être jugé par douze ou porté par six Otto
80%
Quand le temps passe les plaies s'estompent, on oublie pas on vie avec Fusil
59%
Sans sortir une somme, on sait parler aux femmes, sans sortir une lameFlingue au bout du crâne on sait parler aux hommes A7
51%
J'aime toujours pas l'caviar, servez moi des pâtes au dîner Marché Noir
50%
Tous les bleus qu'j'ai autour du cœur, tous ces billets froissés dans mon sacTrop jeune pour embrasser l'plomb, mais trop jeune pour vivre tout ça Loup Noir
44%
Maman peut ouvrir les rideaux, y'a plus l'crime en bas y'a la piscine VNTM
44%
Imposteur part à Phuket, au poignet, t'as R, deux jours après t'as la Audemars, à deux cent au', viens pas m'la faire, ouais R.A.C.
43%
Bonne drogue, vrais hommes, pas stoppés par l'épuisementOn a d'l'argent et mes potos sont plus stoppés par leur pigments Champs-Elysées
42%
Des fous rires aux larmes, des peines à la joie Le Code
41%
Etat d'ébriété j'm'adresse aux cieux comme si dieu m'entendait Interlude
39%
Surveille ton langage me parle pas comme si j'tais né hier, lequel dans l'crime est l'meilleur ? Gomorra
36%
Pas l'temps pour la comédie, t'es solvable ? On te donne un prix Crack
34%
Le putain d'bruit d'la pointeuse, le courant d'air froid du vestiaireTu m'paies mes suppléments d'heures, dehors, j'me suis jamais laissé faire Tokarev
33%
Taille moi des pipes, j't'emmènerai en vacances Quand on était mômes
31%
J'suis passé du grec au Rossini, prolétaire devenu aisé 6.45i
30%
T'as tout fait pour y être, on a tout fait pour partir Le Code
29%
Empéguer vers l'horloge, t'sais qu'on aime trop le bordelSors un briquet j'allume le chiffon qui sort du cocktail Parano
29%
Elle voit ma CB qui brille, comme les grands astresTa tête c'est qu'un contrat, pour mes soldats MAC 11
27%
J'aimerais te dire : le monde est magique, ma chérie quand tu m'dis si on s'aime, c'est pour la vie Plus rien à se dire
27%
Insultant de se lever pour mille deux, tu te sens pas concerné ? Mille trois aussi Trop Enorme
27%
J'ai les codes, j'ai la rhétoriquePlus j'vieilli, plus j'suis méthodique LIF
25%
J'vais ramener des millions pour sécher ses larmes, si elle a le bluesDes cicatrices et du charmes et quand ça shine, j'suis pas dans le doute Mannschaft
24%
Le confort d'la solitude pour ma quiétude,J'parle à mon flingue, lui seul peut m'refroidir J'attends
23%
Les feuilles tombent et meurent sur l'trottoir, l'automne reviendra tuer l'été Zone à danger
18%
Chez moi les chaud, chez moi les vrais de vrais on les pleurt en photo American Airlines
14%
J'aurais jamais d'relation vraiment stable, j'ai vu l'encre rouge au fond d'ma rue déteindre Blanc Bleu
11%
Aucun quiz correspondant
Distribution des résultats
% des personnes avec chaque résultat
Percentile par nombre de réponses
Votre historique - résultats
Vous n’avez pas pris ce quiz